Online
Catalog

Tragos y cocteles : (Record no. 37152)

MARC details
000 -CABECERA
campo de control de longitud fija 00622nam a2200157 a 4500
001 - NÚMERO DE CONTROL
campo de control 000037662
005 - FECHA Y HORA DE LA ÚLTIMA TRANSACCIÓN
campo de control 20201002031111.0
008 - DATOS DE LONGITUD FIJA--INFORMACIÓN GENERAL
campo de control de longitud fija 121024s2008 pe a 000 0 spa d
040 ## - FUENTE DE LA CATALOGACIÓN
Centro catalogador/agencia de origen DO-SdBNP
Lengua de catalogación spa
Centro/agencia transcriptor BNPHU
082 ## - NÚMERO DE LA CLASIFICACIÓN DECIMAL DEWEY
Número de clasificación xxx
Número de documento/Ítem A448t
100 1# - ENTRADA PRINCIPAL--NOMBRE DE PERSONA
Nombre de persona Almeri G., Giovanni
9 (RLIN) 64132
245 10 - MENCIÓN DE TÍTULO
Título Tragos y cocteles :
Resto del título Tipos, elaboración, decoración y más /
Mención de responsabilidad, etc. Giovanni Almeri G.
260 ## - PUBLICACIÓN, DISTRIBUCIÓN, ETC.
Lugar de publicación, distribución, etc. Lima :
Nombre del editor, distribuidor, etc. Ediciones Mirbet,
Fecha de publicación, distribución, etc. 2008.
300 ## - DESCRIPCIÓN FÍSICA
Extensión 135 p. :
Otras características físicas il. ;
Dimensiones 21 cm.
505 2# - NOTA DE CONTENIDO CON FORMATO
Título Historia del cóctel --
-- Tipos de cóctel --
-- Utensilios, copas y vasos --
-- Los cócteles más populares --
-- Más de 100 recetas de cócteles y más...
Holdings
Estado de retiro Estado de pérdida Restricciones de uso No para préstamo Código de colección Localización permanente Ubicación/localización actual Ubicación en estantería Fecha de adquisición Número de inventario Total de préstamos Signatura topográfica completa Código de barras Fecha visto por última vez Precio válido a partir de Tipo de ítem Koha Número de copia
      Excluido de préstamo Monografías: Libros y Folletos General General En catalogación 24.10.2012 LF1   xxx A448t 37662-10 25.06.2020 25.06.2020 No se presta  
      Excluido de préstamo Monografías: Libros y Folletos General General En catalogación 24.10.2012 LF1   xxx A448t 37662-20 25.06.2020 25.06.2020 No se presta e. 2
        Monografías: Libros y Folletos General General En catalogación 24.10.2012 LF1   xxx A448t 37662-30 25.06.2020 25.06.2020 Préstamo en sala e. 3

Powered by Koha